|
|
|
|
| LEADER |
01168nam a2200325 4500 |
| 001 |
000014083 |
| 003 |
10438 |
| 005 |
20120329080354.0 |
| 008 |
120329s1978 viesd |
| 020 |
|
|
|c 120đ
|
| 041 |
0 |
|
|a vie
|
| 082 |
|
|
|a 551.7
|b ZU-M
|
| 100 |
0 |
|
|a Zubkovits M.E.
|
| 245 |
|
0 |
|a Phương pháp nghiên cứu cổ sinh địa tầng
|b Cơ sở sinh địa tầng
|c M.E. Zubkovits (Tg), Trịnh Dánh, Nguyễn Ngọ, Nguyễn Văn Trinh(Dịch)
|
| 260 |
|
|
|a H.
|b Khoa học và kỹ thuật
|c 1978
|
| 300 |
|
|
|a 359 tr.
|c 19 cm
|
| 653 |
|
|
|a Nghiên cứu
|
| 653 |
|
|
|a Cổ sinh địa tầng
|
| 653 |
|
|
|a Phương pháp
|
| 700 |
|
|
|a Trịnh Dánh
|a Nguyễn Ngọc
|a Nguyễn Văn Trinh
|e Dịch
|
| OWN |
|
|
|a LSP
|
| AVA |
|
|
|a UDN50
|b LSP
|d 551.7 ZU-M
|e available
|t Error 5001 Not defined in file expand_doc_bib_avail.
|f 1
|g 0
|h N
|i 0
|k 1
|
| 999 |
|
|
|a From the UDN01
|
| AVA |
|
|
|a UDN50
|b LSP
|d 551.7 ZU-M
|e available
|t Error 5001 Not defined in file expand_doc_bib_avail.
|f 1
|g 0
|h N
|i 0
|k 1
|
| TYP |
|
|
|a Monograph
|
| TYP |
|
|
|a Printed language
|
| 980 |
|
|
|a Mạng thư viện Đại học Đà Nẵng
|